الحركات في لبنان إلى عهد المتصرفية : وهي شهادة درزية صريحة alharakat fi lubnan 'iilaa eahd almutasarifiat : wahi shahadat durziat sariha . / (Record no. 81049)
[ view plain ]
| 000 -LEADER | |
|---|---|
| fixed length control field | 00950aaa a2200193 a 4500 |
| 003 - CONTROL NUMBER IDENTIFIER | |
| rucl marc code | BD-RjUL |
| 005 - DATE AND TIME OF LATEST TRANSACTION | |
| control field | 20230111125232.0 |
| 008 - FIXED-LENGTH DATA ELEMENTS--GENERAL INFORMATION | |
| fixed length control field | 230111s1954 le ||||| |||| 00| 0 ara d |
| 035 ## - SYSTEM CONTROL NUMBER | |
| System control number | (BD-RjUL) |
| 040 ## - CATALOGING SOURCE | |
| Original cataloging agency | BD-RjUL |
| Language of cataloging | eng |
| Transcribing agency | BD-RjUL |
| 041 ## - LANGUAGE CODE | |
| Language code of text/sound track or separate title | ara |
| 082 ## - DEWEY DECIMAL CLASSIFICATION NUMBER | |
| Edition number | 23 |
| 100 ## - MAIN ENTRY--PERSONAL NAME | |
| Personal name | Abu Shakra, Hussein Ghadban, أبو شقرا، حسين غضبان |
| 9 (RLIN) | 6525 |
| 245 14 - TITLE STATEMENT | |
| Title | الحركات في لبنان إلى عهد المتصرفية : وهي شهادة درزية صريحة alharakat fi lubnan 'iilaa eahd almutasarifiat : wahi shahadat durziat sariha . / |
| Statement of responsibility, etc. | Hussein Ghadban Abu Shaqra, Youssef Khattar Abu Shaqra, Aref Abu Shaqra حسين غضبان ابو شقرا, ، يوسف خطار ابو شقرا عارف أبو شقرا |
| 260 ## - PUBLICATION, DISTRIBUTION, ETC. (IMPRINT) | |
| Place of publication, distribution, etc. | Lebanon : |
| Name of publisher, distributor, etc. | N/A |
| Date of publication, distribution, etc. | 1223 |
| 700 ## - ADDED ENTRY--PERSONAL NAME | |
| Personal name | Abu Shakra, Youssef Khattar, أبو شقرا، يوسف خطار |
| Personal name | Abu Shakra, Aref أبو شقرا، عارف |
| 942 ## - ADDED ENTRY ELEMENTS (KOHA) | |
| Source of classification or shelving scheme | Dewey Decimal Classification |
| Koha item type | Books |
| Lost status | Source of classification or shelving scheme | Damaged status | Not for loan | Collection code | Permanent Location | Current Location | Shelving location | Date acquired | Total Checkouts | Full call number | Date last seen | Copy number | Koha item type |
|---|---|---|---|---|---|---|---|---|---|---|---|---|---|
| Dewey Decimal Classification | Not For Loan | Non-fiction | Central Library, University of Rajshahi | Central Library, University of Rajshahi | Reading Room | 11/01/2023 | A 956.92 ABH 1954 | 11/01/2023 | C-1 | Books |